[Event "Barbera del Valles"]
[Site "XXX Open"]
[Date "2007.07.07"]
[Round "2"]
[White "Pena Riasco, Alexander"]
[Black "Czakon, Jakub"]
[Result "0-1"]
[WhiteElo "2296"]
[BlackElo "2505"]
[PlyCount "144"]
[EventDate "2007.07.??"]
[EventType "swiss"]
[EventRounds "9"]
[EventCountry "ESP"]

1. d4 Nf6 2. c4 e6 3. Nf3 b6 4. g3 Ba6 5. Nbd2 Bb4 6. Qb3 Qe7 7. Bg2 Bb7 8. a3
Bxd2+ 9. Bxd2 d6 10. O-O Nbd7 11. Qa4 O-O 12. b4 c5 13. dxc5 bxc5 14. Bg5 Nb6
15. Qb3 cxb4 16. axb4 Rfc8 17. Rfc1 h6 18. Bf4 Be4 19. Bf1 Nfd7 20. Nd2 Bb7 21.
e4 Kh8 22. Bh3 Rc6 23. Ra5 Qf8 24. Be3 Rc7 25. Rca1 Nc8 26. f3 a6 27. Bd4 Ne7
28. Qe3 Kg8 29. Bc3 Re8 30. f4 d5 31. f5 e5 32. f6 gxf6 33. Bxd7 d4 34. Qf3 Rd8
35. Bxd4 Rcxd7 36. Be3 Rxd2 37. Bxd2 Rxd2 38. Qxf6 Ng6 39. Rc5 Rd6 40. Qf5 Rb6
41. Rf1 Qe7 42. Qf2 Rxb4 43. Qe3 Rb3 44. Qf2 Rb2 45. Qxb2 Qxc5+ 46. Rf2 Bxe4
47. Qb8+ Kg7 48. Qd8 Bf3 49. Qd3 e4 50. Qc3+ Ne5 51. Kf1 Qxc4+ 52. Qxc4 Nxc4
53. Ra2 a5 54. Ra4 Nb2 55. Rxa5 Nd3 56. Rd5 Kf6 57. Rd7 Ke6 58. Rd8 f5 59. Rd4
h5 60. Rd8 Ke5 61. Rd7 Ke6 62. Rd8 Ne5 63. h4 Nd3 64. Rd4 f4 65. gxf4 Kf5 66.
Rd8 Kxf4 67. Rd7 Kg3 68. Rd8 Kxh4 69. Rd7 Kg3 70. Rd8 Kf4 71. Rd7 Ke3 72. Rd8
Kd2 0-1

[Event "Barbera del Valles"]
[Site "XXX Open"]
[Date "2007.07.07"]
[Round "2"]
[White "Cuartas, Jaime Alexander"]
[Black "Mohota, Nisha"]
[Result "1-0"]
[WhiteElo "2504"]
[BlackElo "2332"]
[PlyCount "125"]
[EventDate "2007.07.??"]
[EventType "swiss"]
[EventRounds "9"]
[EventCountry "ESP"]

1. e4 d5 2. exd5 Qxd5 3. Nc3 Qa5 4. d4 Nf6 5. Nf3 c6 6. Bc4 Bf5 7. Ne5 e6 8.
Qe2 Nbd7 9. O-O Bb4 10. Bd2 O-O 11. a3 Bxc3 12. Bxc3 Qc7 13. Nxd7 Qxd7 14. Rfd1
Qc7 15. f3 Nd5 16. Be1 Qf4 17. c3 h5 18. Bd2 Qc7 19. Qf2 b5 20. Bf1 Rad8 21.
Re1 Nb6 22. Qh4 Bg6 23. Bf4 Qc8 24. Qg3 Na4 25. Qf2 Nb6 26. h3 Rd5 27. b3 Rfd8
28. Be3 R5d7 29. Bg5 f6 30. Bc1 Bf7 31. f4 Qc7 32. Qf3 Rd5 33. Bd3 c5 34. Be4
R5d6 35. Be3 c4 36. b4 Nd5 37. Bd2 a5 38. f5 exf5 39. Bxf5 axb4 40. axb4 Qb7
41. Qg3 Kf8 42. Bf4 Nxf4 43. Qxf4 Ra6 44. Rxa6 Qxa6 45. Qc7 Qd6 46. Qc5 g6 47.
Be4 Kg7 48. Bf3 Qf4 49. Qa7 h4 50. Qa1 Re8 51. Rxe8 Bxe8 52. Qe1 Kf8 53. Bd5
Bd7 54. Kh1 Be8 55. Be6 Qg3 56. Qd2 Ke7 57. d5 Qd3 58. Qf2 f5 59. Qxh4+ Kd6 60.
Qf4+ Ke7 61. Qe5 Qd1+ 62. Kh2 Qd2 63. Bxf5+ 1-0

[Event "Barbera del Valles"]
[Site "XXX Open"]
[Date "2007.07.07"]
[Round "2"]
[White "Garcia Jimenez, Francisco Javier"]
[Black "Almeida Quintana, Omar"]
[Result "0-1"]
[WhiteElo "2287"]
[BlackElo "2501"]
[PlyCount "72"]
[EventDate "2007.07.??"]
[EventType "swiss"]
[EventRounds "9"]
[EventCountry "ESP"]

1. e4 c5 2. Nc3 Nc6 3. g3 g6 4. Bg2 Bg7 5. d3 e6 6. Be3 d6 7. Nge2 Nd4 8. O-O
Ne7 9. Qd2 O-O 10. Rae1 Bd7 11. Nc1 Nec6 12. Nd1 Ne5 13. f4 Ng4 14. c3 Nc6 15.
h3 Nxe3 16. Nxe3 b5 17. f5 b4 18. Qf2 Bf6 19. Ne2 Ne5 20. Rd1 bxc3 21. bxc3 Bb5
22. fxg6 fxg6 23. Nf4 Bg7 24. Qb2 Bd7 25. Qa3 g5 26. Ne2 Rxf1+ 27. Bxf1 Qb6 28.
Bg2 Rf8 29. d4 Nf3+ 30. Bxf3 Rxf3 31. dxc5 Qc6 32. Qa5 Qxe4 33. Qd8+ Rf8 34.
Qxg5 Bc6 35. Kh2 Rf2+ 36. Kg1 Rg2+ 0-1

[Event "Barbera del Valles"]
[Site "XXX Open"]
[Date "2007.07.07"]
[Round "2"]
[White "Corrales Jimenez, Fidel"]
[Black "Ryan, Joseph"]
[Result "1-0"]
[WhiteElo "2499"]
[BlackElo "2320"]
[PlyCount "99"]
[EventDate "2007.07.??"]
[EventType "swiss"]
[EventRounds "9"]
[EventCountry "ESP"]

1. e4 e6 2. d4 d5 3. Nc3 Bb4 4. e5 c5 5. a3 Bxc3+ 6. bxc3 Ne7 7. Qg4 O-O 8. Bd3
Nbc6 9. Qh5 Ng6 10. Nf3 Qc7 11. Be3 c4 12. Bxg6 fxg6 13. Qg4 Bd7 14. h4 Rf5 15.
h5 gxh5 16. Rxh5 Raf8 17. Rh3 Be8 18. Ng5 Qa5 19. Kd2 Rxg5 20. Qxg5 Bg6 21.
Rhh1 Qa4 22. Ra2 b5 23. Rha1 a5 24. Qg4 Bf5 25. Qd1 h6 26. Qb1 Kh7 27. Rb2 Rb8
28. Raa2 Rb7 29. Qa1 Rb8 30. Rb4 axb4 31. axb4 Ra8 32. Rxa4 Rxa4 33. Qb1 Ne7
34. Kc1 Nc8 35. Kb2 Ra8 36. Qh1 Nb6 37. Bd2 Na4+ 38. Kb1 Rf8 39. f3 Bg6 40. g4
Nb6 41. f4 Kg8 42. Qh4 Nc8 43. Kc1 Kf7 44. f5 exf5 45. Bxh6 Rh8 46. gxf5 Bxf5
47. Qg5 Bg6 48. e6+ Kf8 49. Qd8+ Be8 50. Qf6+ 1-0

[Event "Barbera del Valles"]
[Site "XXX Open"]
[Date "2007.07.07"]
[Round "2"]
[White "Mestre Bellido, Hector"]
[Black "Gonzalez Vidal, Yuri"]
[Result "1-0"]
[WhiteElo "2269"]
[BlackElo "2475"]
[PlyCount "73"]
[EventDate "2007.07.??"]
[EventType "swiss"]
[EventRounds "9"]
[EventCountry "ESP"]

1. e4 c6 2. d4 d5 3. exd5 cxd5 4. Bd3 Nc6 5. c3 Nf6 6. Bf4 Bg4 7. Qb3 Qd7 8.
Nd2 e6 9. Ngf3 Bxf3 10. Nxf3 Bd6 11. Bxd6 Qxd6 12. O-O O-O 13. Rae1 Nd7 14. Qc2
h6 15. Qe2 Rfc8 16. Ne5 Ncxe5 17. dxe5 Qb6 18. Kh1 d4 19. Qe4 Nc5 20. Qh7+ Kf8
21. Be2 Qxb2 22. Qh8+ Ke7 23. Qxg7 Nd7 24. Bh5 Rf8 25. cxd4 Qxd4 26. f4 Rad8
27. Qxh6 Rg8 28. Qh7 Rdf8 29. Bxf7 Rh8 30. Qg7 Rxh2+ 31. Kxh2 Rxf7 32. Qg5+ Ke8
33. Qh5 Kf8 34. Rc1 Nc5 35. Rcd1 Nd3 36. Rf3 Rxf4 37. Rdxd3 1-0

[Event "Barbera del Valles"]
[Site "XXX Open"]
[Date "2007.07.07"]
[Round "2"]
[White "Pakleza, Zbigniew"]
[Black "Alonso Rosell, Alvar"]
[Result "0-1"]
[WhiteElo "2463"]
[BlackElo "2285"]
[PlyCount "134"]
[EventDate "2007.07.??"]
[EventType "swiss"]
[EventRounds "9"]
[EventCountry "ESP"]

1. d4 Nf6 2. Nf3 c5 3. c3 e6 4. Bf4 Be7 5. e3 O-O 6. h3 b6 7. Nbd2 Ba6 8. Bxa6
Nxa6 9. a4 d5 10. O-O Rc8 11. Qe2 Nc7 12. Ne5 Qe8 13. Bg3 a6 14. Nef3 c4 15.
Ne5 g6 16. Bf4 Nh5 17. Bh6 Ng7 18. e4 f6 19. Nef3 Qc6 20. Rfe1 Rfe8 21. e5 f5
22. g4 b5 23. axb5 axb5 24. Bg5 Bxg5 25. Nxg5 Ra8 26. Qe3 Rxa1 27. Rxa1 Ra8 28.
Rb1 Qd7 29. b3 Ra3 30. Ngf3 Qf7 31. Qg5 Nge8 32. Kg2 Kf8 33. Qh6+ Qg7 34. Qe3
Qe7 35. Kg3 Ng7 36. Kh2 Kg8 37. Qh6 Nge8 38. Qe3 Ng7 39. Kg2 Ra2 40. Nf1 Ra3
41. Qc1 Qf8 42. Ra1 Rxa1 43. Qxa1 Qa8 44. Qb2 h6 45. b4 Kh7 46. N1h2 Qa4 47.
Qd2 Qa1 48. h4 Qb1 49. h5 g5 50. Nxg5+ hxg5 51. Qxg5 Qe4+ 52. Kg3 fxg4 53. Nxg4
Nce8 54. Nf6+ Nxf6 55. exf6 Nf5+ 56. Kh2 Qh4+ 57. Qxh4 Nxh4 58. Kg3 Nf5+ 59.
Kf4 Kg8 60. Ke5 Kf7 61. f3 Nh6 62. Kd6 Kxf6 63. Kc5 Nf5 64. f4 Kg7 65. Kxb5
Nxd4+ 66. Kc5 Nb3+ 67. Kd6 d4 0-1

[Event "Barbera del Valles"]
[Site "XXX Open"]
[Date "2007.07.07"]
[Round "2"]
[White "Burgos Figueroa, Carlos"]
[Black "Perez Mitjans, Orelvis"]
[Result "0-1"]
[WhiteElo "2237"]
[BlackElo "2412"]
[PlyCount "80"]
[EventDate "2007.07.??"]
[EventType "swiss"]
[EventRounds "9"]
[EventCountry "ESP"]

1. e4 c5 2. c4 Nc6 3. Nc3 g6 4. g3 Bg7 5. Bg2 d6 6. Nge2 e6 7. O-O Nge7 8. d3
O-O 9. Be3 Nd4 10. Qd2 a6 11. Bh6 Rb8 12. Bxg7 Kxg7 13. Nxd4 cxd4 14. Ne2 e5
15. Rac1 Be6 16. b3 b6 17. f4 f6 18. h3 f5 19. Kh2 Qd7 20. b4 Rbc8 21. fxe5
dxe5 22. c5 fxe4 23. dxe4 Rxf1 24. Rxf1 bxc5 25. Qg5 Nc6 26. bxc5 Qe7 27. Qd2
Qxc5 28. Nc1 Bc4 29. Rf3 Rf8 30. h4 Rxf3 31. Bxf3 Qa3 32. Bg4 Qc3 33. Qd1 d3
34. Nb3 h5 35. Bf3 Bxb3 36. axb3 Nd4 37. Kh3 Qc8+ 38. Kh2 Qc2+ 39. Kh3 Nxf3 40.
Qxf3 d2 0-1

[Event "Barbera del Valles"]
[Site "XXX Open"]
[Date "2007.07.07"]
[Round "2"]
[White "Perpinya Rofes, Lluis Maria"]
[Black "Canal Oliveras, Joan"]
[Result "1-0"]
[WhiteElo "2400"]
[BlackElo "2236"]
[PlyCount "77"]
[EventDate "2007.07.??"]
[EventType "swiss"]
[EventRounds "9"]
[EventCountry "ESP"]

1. e4 e5 2. Nf3 Nc6 3. Bb5 f5 4. Nc3 fxe4 5. Nxe4 Nf6 6. Nxf6+ Qxf6 7. O-O Be7
8. Qe2 O-O 9. Bxc6 dxc6 10. Nxe5 Bf5 11. f4 Bc5+ 12. Kh1 Bd6 13. d4 Bxe5 14.
dxe5 Qg6 15. Rf2 Rad8 16. Be3 Rd5 17. Re1 Rfd8 18. h3 h5 19. Bc1 Rd4 20. Qf3
R4d5 21. Kh2 Kf7 22. b3 Ke6 23. Qe3 b6 24. Qe2 h4 25. Rf3 Bxc2 26. Rc3 Rc5 27.
Rxc5 bxc5 28. Qc4+ Rd5 29. Re3 Bd3 30. Qa4 Bb5 31. Qxa7 Bf1 32. f5+ Qxf5 33.
Rf3 Qxe5+ 34. Bf4 Qa1 35. Qxc7 Bb5 36. Re3+ Kf5 37. Qf7+ Qf6 38. Qh5+ g5 39.
Qg4+ 1-0

[Event "Barbera del Valles"]
[Site "XXX Open"]
[Date "2007.07.07"]
[Round "2"]
[White "Rojas Keim, Luis"]
[Black "Fluvia, Jordi"]
[Result "1/2-1/2"]
[WhiteElo "2385"]
[BlackElo "2497"]
[PlyCount "86"]
[EventDate "2007.07.??"]
[EventType "swiss"]
[EventRounds "9"]
[EventCountry "ESP"]

1. e4 d6 2. d4 Nf6 3. Nc3 g6 4. Be3 c6 5. Qd2 b5 6. Bd3 Nbd7 7. Nf3 e5 8. dxe5
dxe5 9. O-O Be7 10. h3 O-O 11. Bh6 Re8 12. a4 b4 13. Ne2 a5 14. Ng3 Qc7 15. Nf5
Nc5 16. Nxe7+ Rxe7 17. Ng5 Nh5 18. Bc4 Nf4 19. Rad1 Nfe6 20. f4 exf4 21. Nxe6
Nxe6 22. Bxe6 Bxe6 23. Bxf4 Qb6+ 24. Be3 c5 25. Qf2 Bc4 26. Bxc5 Qe6 27. Bxe7
Bxf1 28. Bf6 Ba6 29. Qd4 Bb7 30. Qd8+ Qe8 31. Qxe8+ Rxe8 32. e5 Be4 33. c3 Bc2
34. Rd5 bxc3 35. bxc3 Bxa4 36. Rxa5 Bb3 37. Rc5 Be6 38. Kf2 Kf8 39. Ke3 Rc8 40.
Kd4 Rxc5 41. Kxc5 h5 42. Kd6 Ke8 43. h4 Ba2 1/2-1/2

[Event "Barbera del Valles"]
[Site "XXX Open"]
[Date "2007.07.07"]
[Round "2"]
[White "Asensio Linan, Teodoro"]
[Black "Nadal Garcia, Lluis"]
[Result "0-1"]
[WhiteElo "2276"]
[BlackElo "2073"]
[PlyCount "112"]
[EventDate "2007.07.??"]
[EventType "swiss"]
[EventRounds "9"]
[EventCountry "ESP"]

1. d4 e6 2. e4 d5 3. Nc3 dxe4 4. Nxe4 Bd7 5. Nf3 Bc6 6. Bd3 Nd7 7. O-O Ngf6 8.
Ned2 Bxf3 9. Qxf3 c6 10. a4 Be7 11. a5 a6 12. Nc4 O-O 13. Bf4 Nd5 14. Qh3 g6
15. Bh6 Re8 16. c3 c5 17. Rfe1 Bf8 18. Bxf8 Nxf8 19. Qg4 cxd4 20. Qxd4 Qc7 21.
Ne5 Rad8 22. Rad1 Nd7 23. Ng4 Qf4 24. Re4 Qg5 25. h4 Qxh4 26. Rde1 N7f6 27. g3
Qg5 28. Nxf6+ Nxf6 29. Qc4 Nxe4 30. Bxe4 Qxa5 31. Bxb7 Qb6 32. Bxa6 Qxb2 33.
Qc6 Qd2 34. Re3 Re7 35. Qb6 Qd6 36. Qb4 Qd1+ 37. Bf1 Red7 38. c4 h5 39. c5 Rd4
40. Qb7 Rc4 41. Rf3 Rf8 42. Rd3 Qc1 43. Qe7 Rxc5 44. Kg2 Rf5 45. Be2 Qc5 46.
Qxc5 Rxc5 47. Rd7 Rd5 48. Ra7 Rb8 49. Bf3 Rd2 50. Ra8 Rxa8 51. Bxa8 Kg7 52. Kf3
g5 53. Ke3 Rb2 54. Kf3 f5 55. Bc6 h4 56. gxh4 gxh4 0-1

[Event "Barbera del Valles"]
[Site "XXX Open"]
[Date "2007.07.07"]
[Round "2"]
[White "Cuartas, Jorge Humberto"]
[Black "Casanellas Ruano, Lluis"]
[Result "0-1"]
[WhiteElo "2236"]
[BlackElo "2091"]
[PlyCount "126"]
[EventDate "2007.07.??"]
[EventType "swiss"]
[EventRounds "9"]
[EventCountry "ESP"]

1. e4 c5 2. Nf3 d6 3. d4 cxd4 4. Nxd4 Nf6 5. Nc3 e6 6. Bc4 a6 7. Bb3 b5 8. Qf3
Bb7 9. Bg5 Nbd7 10. O-O Nc5 11. Rfe1 Be7 12. a3 Nxb3 13. Nxb3 O-O 14. Rad1 Rc8
15. Qd3 Qc7 16. Qg3 Rfe8 17. Nd4 Qb8 18. f3 Rc4 19. Nde2 Qc7 20. Bh6 Bf8 21.
Bg5 Nd7 22. Kh1 b4 23. axb4 Rxb4 24. Bc1 Rc4 25. Rd4 Nb6 26. Red1 Rc5 27. f4 a5
28. b3 Ba6 29. Qe1 Bxe2 30. Nxe2 Rxc2 31. Qxa5 Rxe2 32. Qb5 Rc2 33. Qxe8 Rxc1
34. Qb5 g6 35. Qf1 Rc3 36. R4d3 d5 37. exd5 Nxd5 38. Rxc3 Qxc3 39. Rd3 Qc5 40.
Rf3 Qd4 41. Qc4 Qd2 42. Qd3 Qxd3 43. Rxd3 Nxf4 44. Rd8 Nd5 45. g4 Kg7 46. Kg2
Bb4 47. Rb8 Kf6 48. Rh8 Kg7 49. Rb8 Bc3 50. h4 Bf6 51. g5 Bc3 52. Kf3 h6 53.
Kg4 hxg5 54. hxg5 Bd2 55. Rd8 Be3 56. Rb8 Bf4 57. Rb5 Bc7 58. Rb7 Bd6 59. Rd7
Bc7 60. b4 Kf8 61. b5 Ke8 62. Rxc7 Nxc7 63. b6 Na6 0-1

[Event "Barbera del Valles"]
[Site "XXX Open"]
[Date "2007.07.07"]
[Round "2"]
[White "Chamba, Antoine"]
[Black "Bautista Sanchez, Juan"]
[Result "0-1"]
[WhiteElo "2091"]
[BlackElo "2233"]
[PlyCount "68"]
[EventDate "2007.07.??"]
[EventType "swiss"]
[EventRounds "9"]
[EventCountry "ESP"]

1. e4 c6 2. Nf3 d5 3. exd5 cxd5 4. Ne5 Nf6 5. d4 e6 6. Bd3 Nc6 7. c3 Nxe5 8.
dxe5 Nd7 9. Qe2 Qc7 10. f4 Bc5 11. Nd2 a6 12. a4 Bb6 13. Nf3 Nc5 14. Bc2 Bd7
15. Be3 Ne4 16. Bxb6 Qxb6 17. Bxe4 dxe4 18. Nd4 O-O 19. a5 Qc5 20. Qxe4 Bc6 21.
Nxc6 bxc6 22. O-O-O Qxa5 23. Rd6 Rab8 24. Rhd1 c5 25. Qc4 Qa1+ 26. Kd2 Qxb2+
27. Ke3 Qxg2 28. R1d2 Qg1+ 29. Kf3 Rb1 30. Rf2 h5 31. Rdd2 Re1 32. h3 h4 33.
Rg2 Re3+ 34. Kg4 Rg3+ 0-1

[Event "Barbera del Valles"]
[Site "XXX Open"]
[Date "2007.07.07"]
[Round "2"]
[White "Barranco Montilla, Cristobal"]
[Black "Penas Hernandez, Yolanda"]
[Result "1-0"]
[WhiteElo "2193"]
[BlackElo "2034"]
[PlyCount "41"]
[EventDate "2007.07.??"]
[EventType "swiss"]
[EventRounds "9"]
[EventCountry "ESP"]

1. d4 f5 2. e4 fxe4 3. Nc3 Nf6 4. Bg5 Nc6 5. d5 Ne5 6. Qe2 Nf7 7. h4 c6 8.
O-O-O Qa5 9. Bxf6 gxf6 10. Qxe4 Nd6 11. Qg4 Nb5 12. Bxb5 cxb5 13. Qh5+ Kd8 14.
d6 exd6 15. Kb1 b6 16. Qf7 Be7 17. Nd5 Re8 18. Nxe7 Rxe7 19. Qf8+ Re8 20. Qxf6+
Re7 21. Nf3 1-0

[Event "Barbera del Valles"]
[Site "XXX Open"]
[Date "2007.07.07"]
[Round "2"]
[White "Benedic, Patrick"]
[Black "Losada Cabrera, Francisco Javier"]
[Result "0-1"]
[WhiteElo "2053"]
[BlackElo "2183"]
[PlyCount "68"]
[EventDate "2007.07.??"]
[EventType "swiss"]
[EventRounds "9"]
[EventCountry "ESP"]

1. e4 c5 2. Nf3 d6 3. d4 cxd4 4. Nxd4 Nf6 5. Nc3 a6 6. Bc4 e6 7. Bb3 b5 8. Bg5
Be7 9. Qf3 Qd7 10. O-O-O Bb7 11. Qe2 Nc6 12. Nxc6 Qxc6 13. Bxf6 Bxf6 14. Bd5
Qc7 15. Bxb7 Qxb7 16. Rxd6 b4 17. Nd1 Be5 18. Rd3 O-O 19. f3 Qb6 20. g3 Rac8
21. Qf2 Qb5 22. Qd2 Qa4 23. Kb1 Rc5 24. f4 Bf6 25. e5 Ra5 26. a3 Be7 27. Rd4
Bc5 28. Rc4 Rb8 29. Nc3 bxc3 30. Rxa4 Rxb2+ 31. Ka1 Rxa4 32. Qxc3 Rb5 33. Ka2
Rba5 34. Kb1 Rxa3 0-1

[Event "Barbera del Valles"]
[Site "XXX Open"]
[Date "2007.07.07"]
[Round "2"]
[White "Sanahuja Palomo, Alex"]
[Black "Barbero Senidic, Alejandro"]
[Result "0-1"]
[WhiteElo "2029"]
[BlackElo "2163"]
[PlyCount "86"]
[EventDate "2007.07.??"]
[EventType "swiss"]
[EventRounds "9"]
[EventCountry "ESP"]

1. e4 e6 2. d4 d5 3. Nc3 Nf6 4. Bg5 dxe4 5. Nxe4 Be7 6. Bxf6 Bxf6 7. Nf3 O-O 8.
Bd3 Nd7 9. h4 c5 10. Nxc5 Nxc5 11. Bxh7+ Kxh7 12. Ng5+ Kg6 13. Rh3 Bxg5 14.
hxg5 Rh8 15. dxc5 Qxd1+ 16. Rxd1 Rxh3 17. gxh3 b6 18. c6 Kxg5 19. b4 b5 20. c4
a6 21. a4 bxa4 22. Ra1 Rb8 23. Rxa4 Rb6 24. b5 axb5 25. cxb5 e5 26. Ra8 Bxh3
27. c7 Rxb5 28. c8=Q Bxc8 29. Rxc8 Rb2 30. Kf1 f5 31. Rc7 g6 32. Rc6 Rb8 33.
Kg2 e4 34. Kg3 Rb3+ 35. Kg2 e3 36. f3 Rb2+ 37. Kg3 f4+ 38. Kh3 Rf2 39. Rc5+ Kf6
40. Kg4 e2 41. Rc6+ Ke7 42. Rc7+ Kd6 43. Rc1 Rf1 0-1

[Event "Barbera del Valles"]
[Site "XXX Open"]
[Date "2007.07.07"]
[Round "2"]
[White "Ridameya Tatche, Jose"]
[Black "Molano Lafuente, Ismael"]
[Result "1-0"]
[WhiteElo "2109"]
[BlackElo "1951"]
[PlyCount "157"]
[EventDate "2007.07.??"]
[EventType "swiss"]
[EventRounds "9"]
[EventCountry "ESP"]

1. e4 c5 2. Nf3 Nc6 3. b3 e5 4. Bb2 d6 5. Bc4 Be7 6. c3 Nf6 7. Qe2 O-O 8. h3 a6
9. d3 Qc7 10. Nbd2 b5 11. Bd5 Nxd5 12. exd5 Nb8 13. d4 f6 14. dxc5 Qxc5 15. c4
Nd7 16. O-O f5 17. Nd4 exd4 18. Qxe7 Ne5 19. Qh4 bxc4 20. Bxd4 Qxd5 21. Bxe5
dxe5 22. Nxc4 Bb7 23. Ne3 Qe4 24. Qxe4 Bxe4 25. Rfd1 Rf6 26. Rac1 Rg6 27. Rc4
Rf8 28. Kf1 Bc6 29. Rc5 Bb5+ 30. Nc4 Bxc4+ 31. Rxc4 h6 32. Rc5 Re8 33. Re1 Rge6
34. f4 exf4 35. Rxe6 Rxe6 36. Rxf5 g5 37. h4 Rg6 38. hxg5 hxg5 39. Kf2 Kg7 40.
Kf3 Kh6 41. Kg4 Rd6 42. Rxg5 Rd2 43. Rh5+ Kg6 44. Ra5 Rxg2+ 45. Kf3 Rd2 46.
Rxa6+ Kf5 47. Ra5+ Ke6 48. Kxf4 Re2 49. a4 Kd6 50. Rb5 Kc6 51. Re5 Rb2 52. Re3
Kc5 53. Ke4 Rd2 54. Rd3 Re2+ 55. Kf3 Rb2 56. Ke3 Kb4 57. Ke4 Rh2 58. Ke5 Rh6
59. Re3 Rh5+ 60. Kd4 Rh7 61. Rd3 Rh4+ 62. Ke3 Rh2 63. Ke4 Rh4+ 64. Kf5 Rh5+ 65.
Ke6 Kc5 66. Rd8 Rh6+ 67. Ke5 Rb6 68. Rd5+ Kb4 69. Kd4 Rb7 70. Kd3 Rb6 71. Kc2
Rc6+ 72. Kb2 Rb6 73. Rd4+ Kc5 74. Ka3 Rg6 75. b4+ Kb6 76. Kb3 Rg3+ 77. Kc4 Rg6
78. a5+ Ka6 79. Kc5 1-0

[Event "Barbera del Valles"]
[Site "XXX Open"]
[Date "2007.07.08"]
[Round "3"]
[White "Jovanic, Ognjen"]
[Black "Nijboer, Friso"]
[Result "1/2-1/2"]
[WhiteElo "2491"]
[BlackElo "2568"]
[PlyCount "57"]
[EventDate "2007.07.??"]
[EventType "swiss"]
[EventRounds "9"]
[EventCountry "ESP"]

1. d4 f5 2. Nf3 Nf6 3. Bg5 e6 4. Nbd2 Be7 5. Bxf6 Bxf6 6. e4 d5 7. e5 Be7 8. c4
O-O 9. Rc1 c6 10. Qc2 a5 11. Bd3 Na6 12. a3 Bd7 13. h3 Nc7 14. c5 Be8 15. Ke2
Bg6 16. Rcg1 Rb8 17. b4 axb4 18. axb4 Ra8 19. Ra1 Bh5 20. Rxa8 Qxa8 21. Qb2 g5
22. Ra1 Qe8 23. Ke1 g4 24. Ng1 Bg6 25. Ra7 Qb8 26. Ra2 Qe8 27. Ra7 Qb8 28. Ra2
Qe8 29. Ra7 1/2-1/2

[Event "Barbera del Valles"]
[Site "XXX Open"]
[Date "2007.07.08"]
[Round "3"]
[White "Camarena Gimenez, Rufino"]
[Black "Cuartas, Jaime Alexander"]
[Result "1/2-1/2"]
[WhiteElo "2332"]
[BlackElo "2504"]
[PlyCount "68"]
[EventDate "2007.07.??"]
[EventType "swiss"]
[EventRounds "9"]
[EventCountry "ESP"]

1. d4 d5 2. c4 c6 3. Nc3 Nf6 4. e3 g6 5. Nf3 Bg7 6. Be2 O-O 7. O-O b6 8. Qc2
Bb7 9. Rd1 Qc8 10. e4 dxe4 11. Nxe4 Nbd7 12. Nxf6+ Bxf6 13. Bf4 Rd8 14. a4 Nf8
15. Be5 Bxe5 16. Nxe5 Ne6 17. Qc3 c5 18. d5 Nd4 19. Rxd4 cxd4 20. Qxd4 f6 21.
Bg4 Qc7 22. Be6+ Kg7 23. Nd3 Bc8 24. Re1 g5 25. h4 Bxe6 26. Rxe6 Rd6 27. Rxd6
exd6 28. hxg5 Qe7 29. g3 Kf7 30. Qh4 fxg5 31. Qxh7+ Kf6 32. Qh6+ Kf7 33. Qh7+
Kf6 34. Qh6+ Kf7 1/2-1/2

[Event "Barbera del Valles"]
[Site "XXX Open"]
[Date "2007.07.08"]
[Round "3"]
[White "Almeida Quintana, Omar"]
[Black "Mestre Bellido, Hector"]
[Result "1-0"]
[WhiteElo "2501"]
[BlackElo "2269"]
[PlyCount "53"]
[EventDate "2007.07.??"]
[EventType "swiss"]
[EventRounds "9"]
[EventCountry "ESP"]

1. d4 d5 2. c4 c6 3. Nc3 Nf6 4. Nf3 dxc4 5. a4 Bf5 6. Ne5 Nbd7 7. Nxc4 Qc7 8.
g3 e5 9. dxe5 Nxe5 10. Bf4 Nfd7 11. Bg2 f6 12. O-O Nc5 13. Ne3 Rd8 14. Ncd5 Qd7
15. b4 cxd5 16. Nxf5 Qxf5 17. bxc5 Bxc5 18. Qb3 Nc6 19. Qxb7 Nd4 20. Qxg7 Bf8
21. Qxh8 Nxe2+ 22. Kh1 Nxf4 23. gxf4 Kf7 24. Rfe1 Rb8 25. Rad1 d4 26. Rxd4 Re8
27. Bd5+ 1-0

[Event "Barbera del Valles"]
[Site "XXX Open"]
[Date "2007.07.08"]
[Round "3"]
[White "Teske, Henrik"]
[Black "Almeida Toledano, Daniel"]
[Result "1/2-1/2"]
[WhiteElo "2578"]
[BlackElo "2254"]
[PlyCount "152"]
[EventDate "2007.07.??"]
[EventType "swiss"]
[EventRounds "9"]
[EventCountry "ESP"]

1. e4 e6 2. d4 d5 3. Nd2 Nf6 4. e5 Nfd7 5. c3 c5 6. Bd3 b6 7. Ne2 Ba6 8. Bxa6
Nxa6 9. O-O Be7 10. f4 O-O 11. Nf3 Nc7 12. Be3 f5 13. exf6 Nxf6 14. Ne5 Ne4 15.
Qd3 Qe8 16. Rad1 Rd8 17. h3 Bd6 18. Kh2 Qh5 19. Rf3 Bxe5 20. dxe5 Qe8 21. Qc2
Qc6 22. Ng3 Nxg3 23. Rxg3 Rf5 24. Rf3 Rf7 25. Rdf1 Qd7 26. Qf2 Rdf8 27. Qd2 Qa4
28. b3 Qc6 29. Qc2 Qd7 30. Qe2 Qe7 31. Bd2 g6 32. Be1 Ne8 33. g4 Ng7 34. Bg3 g5
35. Qd3 gxf4 36. Bxf4 Qc7 37. Kg2 Qc6 38. Bh6 Rxf3 39. Rxf3 d4 40. cxd4 cxd4
41. Kg3 Rxf3+ 42. Qxf3 Qc3 43. Qxc3 dxc3 44. Kf3 Ne8 45. Ke4 Nc7 46. h4 Nd5 47.
a3 Ne7 48. h5 Nc6 49. b4 b5 50. Bf4 c2 51. g5 Kf7 52. Be3 a6 53. Bf4 Kg7 54.
Kd3 c1=Q 55. Bxc1 Nxe5+ 56. Kd4 Nd7 57. Bf4 Kf7 58. Be3 Kg7 59. Ke4 Kf7 60. Bd4
Kg8 61. Bb2 Kf7 62. Bd4 Kg8 63. g6 hxg6 64. hxg6 Kf8 65. Kf4 Kg8 66. Kg5 Kf8
67. Kh6 Kg8 68. Kg5 Kf8 69. g7+ Kf7 70. Kh6 Kg8 71. Kg6 e5 72. Ba7 e4 73. Kf5
Kxg7 74. Kxe4 Kf6 75. Kd5 Ke7 76. Kc6 Ne5+ 1/2-1/2

[Event "Barbera del Valles"]
[Site "XXX Open"]
[Date "2007.07.08"]
[Round "3"]
[White "Nadal Garcia, Lluis"]
[Black "Aloma Vidal, Robert"]
[Result "0-1"]
[WhiteElo "2073"]
[BlackElo "2341"]
[PlyCount "44"]
[EventDate "2007.07.??"]
[EventType "swiss"]
[EventRounds "9"]
[EventCountry "ESP"]

1. e4 c5 2. Nf3 e6 3. d4 cxd4 4. Nxd4 a6 5. Bd3 Bc5 6. Nb3 Ba7 7. O-O d6 8. Qg4
Nf6 9. Qh4 e5 10. Bg5 Be6 11. c4 Nbd7 12. Nc3 h6 13. Bxf6 Nxf6 14. Nd5 g5 15.
Nxf6+ Qxf6 16. Qg3 h5 17. Be2 g4 18. Kh1 h4 19. Qc3 Qf4 20. f3 g3 21. Qd2 Be3
22. Qxd6 h3 0-1

[Event "Barbera del Valles"]
[Site "XXX Open"]
[Date "2007.07.08"]
[Round "3"]
[White "Narciso Dublan, Marc"]
[Black "Burgos Figueroa, Carlos"]
[Result "1-0"]
[WhiteElo "2552"]
[BlackElo "2237"]
[PlyCount "105"]
[EventDate "2007.07.??"]
[EventType "swiss"]
[EventRounds "9"]
[EventCountry "ESP"]

1. d4 Nf6 2. c4 c5 3. d5 b5 4. cxb5 a6 5. bxa6 Bxa6 6. Nc3 d6 7. g3 g6 8. Bg2
Bg7 9. Nf3 O-O 10. O-O Nbd7 11. Qc2 Qb6 12. Rb1 Bc4 13. Nd2 Qa6 14. Nxc4 Qxc4
15. b3 Qa6 16. Rd1 Rfb8 17. a4 Nb6 18. Bd2 Nfd7 19. Bg5 c4 20. Bxe7 cxb3 21.
Rxb3 Rc8 22. Qd3 Nc5 23. Qxa6 Rxa6 24. Rxb6 Rxb6 25. Nb5 Bf8 26. Na7 Ra8 27.
Bxf8 Rxa7 28. Bh6 Rxa4 29. Bf3 Rab4 30. Kg2 Rb1 31. Rd2 R6b2 32. Rd4 f6 33. Bf4
Rb6 34. Rc4 Nd7 35. Be3 Ra6 36. Rc6 Nb8 37. Rc8+ Kg7 38. Rc7+ Kg8 39. Bd4 Rab6
40. Bxb6 Rxb6 41. h4 h5 42. Be4 f5 43. Bd3 Rb4 44. Kf3 Kf8 45. Ra7 Ke8 46. Ra5
Nd7 47. Bb5 Ke7 48. Bxd7 Kxd7 49. Ra7+ Ke8 50. Rg7 Rg4 51. e3 Kd8 52. Kg2 Ke8
53. f3 1-0